000 00567nam a2200181 i 4500
001 51524
003 ES-MaACL
005 20230906162359.0
007 t|
008 030813s1980 sp ||||1| cat d
100 1 _aDalmau, José.
_942514
245 1 0 _aCatalunya i l'Esglesia en el banquet dels acusats
_b: (el T.O.P. a porta tancada) /
_cJosep Dalmau ; práoleg d'Agusti de Semir.
250 _a[2ª ed.].
260 _a[Barcelona :
_bPortic,
_c[1980]
300 _a210 p. ;
_c18 cm.
700 1 _aSemir, Agusti.
_9105387
852 _aES-MaACL
_jA-10883
_bR.100251
999 _c51524
_d51524